Most Touchdowns Ever by Players who Passed Away - Statistics

General Stats
  • This quiz has been taken 4 times
  • The average score is 5 of 10
Answer Stats
TDs Player % Correct
90 Charley Taylor
75%
100 Franco Harris
75%
126 Jim Brown
75%
93 Jim Taylor
75%
125 Walter Payton
75%
103 Don Hutson
50%
91 Bobby Mitchell
25%
88 Don Maynard
25%
84 Joe Perry
25%
85 Tommy McDonald
25%
No matching quizzes found
Score Distribution
Percent of People with Each Score
Percentile by Number Answered
Your Score History
You have not taken this quiz